1673 1119 1943 1724 1369 1699 1644 1301 1027 1406 1480 1439 1374 1240 1415 1908 1467 1549 1333 1809 1210 1432 1976 1288 1973 1550 1470 1913 1575 1485 1359 1077 1420 1235 1900 1455 1552 1965 1622 1531 1947 1046 1070 1261 1111 1635 1138 1297 1338 1311 1577 1348 1654 1657 1565 1870 1268 1929 1875 1985 1936 1457 1331 1633 1287 1909 1711 1994 1569 1641 1837 1646 1426 1445 1765 1287 1049 1775 1498 1051 1351 1650 1216 1427 1292 1921 1578 1235 1141 1305 1110 1606 1336 1541 1789 1620 1553 1202 1912 BCNSPRNW ULIB Ver.6.0+V

เปลี่ยนเป็นภาษาไทย

Change to English
 แสดงรายละเอียดบรรณานุกรม
  กลับหน้าหลัก

Brief Record : Get Marc (ISO 2709) : E-mail record : QR code < ปิดหน้าต่าง
LEADER : 00000nam 2200000uu 4500
001    13399113489
003     ULIB
008    110627s||||||||th 000 0 tha d
020    97897487251
090    นว.^bค11ต มปป.
100 0  คุโรยานางิ เท็ตสึโก
245 00 โต๊ะโตะจัง เด็กหญิงข้างหน้าต่าง/^cคุโรยานางิ เท็ตสึโก
250    พิมพ์ครั้งที่ 4
260    กรุงเทพฯ :^bกะรัต,^cมปป.
300    216 หน้า
710 1  กะรัต
945    ^p0^l0^i019300
995    ทศพร
999 ^a ใช้งานได้ทุกระบบ
รายการนี้ยังไม่มีแท็ก
คุณยังไม่ได้ล็อกอิน คุณสามารถมีกิจกรรมร่วมกับเว็บไซต์ได้ แต่ต้องล็อกอินก่อน ::
  ล็อกอิน

รายการสื่อสารสนเทศ

ลำดับที่ ประเภท เลขเรียก/บาร์โค้ด สถานที่ สถานะ
1. นวนิยาย
นวนิยาย
นว. ค11ต มปป. ฉ.1 
  Barcode: 019300
ห้องสมุดวิทยาเขตสวรรค์ประชารักษ์
►นวนิยาย
บนชั้น
  ขอยืม

รายการใกล้เคียง
    ผู้แต่ง [คุโรยานางิ เท็ตสึโก]

BibComment


ยังไม่เคยถูกคอมเมนท์

คอมเมนท์ทรัพยากรรายการนี้
  คอมเมนท์: โต๊ะโตะจัง เด็กหญ..


 Copyright 2026. Bcnsprnw @Library